000 00326nam a22001457a 4500
008 210322b ||||| |||| 00| 0 eng d
020 _a9780538699587
041 _aeng
080 _24th
_a338
082 _a338
100 _a53
101 _aMEN
245 _aManaging your Personal Finances
_cRayn, J. S
942 _2udc
_cBK
999 _c56651
_d56651